Poezie je jako vážná hudba

Bibliographic Details
Main Authors: Miškufová, Helena (ain), Prouza, Petr, 1944- (Author, uin)
Format: Article
Language:Czech
Slovak
PhysicalDescription:Fotogr.
ISSN:1335-549X
Subjects:

MARC

LEADER 00000nab a2200000 a 4500
001 vtls000777858
003 SK-MaSNL
005 20260302152842.0
008 160314c2001 xo 0 cze
015 |a SNBRB2001/12-35364 
035 |a CLN000129639 
040 |a SNKBUCL  |b slo  |c SNKBUCL  |e AACR2 
041 0 |a slo 
044 |a xo  |c SK 
080 |a 82:929:885.0  |2 UDC-MRF-SK2 
080 |a 885.0:929  |2 UDC-MRF-SK2 
080 |a 929 Prouza, Petr  |2 UDC-MRF-SK2 
100 1 |a Miškufová, Helena  |4 ain  |9 266662 
245 1 0 |a Poezie je jako vážná hudba  |c Helena Miškufová 
300 |b Fotogr. 
600 1 7 |a Prouza, Petr,  |d 1944-  |2 snkbucl  |9 166086 
700 1 |a Prouza, Petr,  |d 1944-  |4 aut  |4 uin  |9 166086 
773 0 |x 1335-549X  |t Česká beseda  |g Roč. 7, č. 11 (2001), s. 7 
850 |a Slovenská národná knižnica v Martine 
852 |a SNK  |b KIS3GCP 
958 |a CZ 
958 |a BC 
958 |a LX 
958 |a RBX 
999 |c 1363685  |d 1365615